Höchste Berge pro Land - Statistiken

Allgemein
  • Dieses Quiz wurde 45 mal gespielt
  • Das Durchschnittsergebnis liegt bei 11 aus 35
Antworten auf der Karte
Die Antworten werden auf der Karte rot bzw. grün angezeigt, abhängig davon wie oft sie richtig erraten wurden.
 
Antwortstatistiken
Antwort % Korrekt
Zugspitze
95%
Großglockner
85%
Fuji
83%
Olymp
80%
Elbrus
71%
Ben Nevis
63%
Ararat
61%
Denali
61%
Dufourspitze
59%
Aconcagua
56%
K2
56%
Pico del Teide
49%
Mount Cook
44%
Mount Logan
44%
Citlaltépetl
39%
Kangchendzönga
29%
Carstensz-Pyramide
17%
Mawson Peak
17%
Nevado Ojos del Salado
17%
Rysy
17%
Pico da Neblina
15%
Toubkal
15%
Kebnekaise
12%
Marra
10%
Noshak
10%
Brandberg
7%
Halla-san
7%
Ponta do pico
7%
Cerro Pero
5%
Margherita Peak
5%
Dinara
2%
Fako
2%
Mafadi
2%
Dschabal Yibir
0%
Grauspitz
0%
Keine übereinstimmenden Quizze gefunden
Verteilung der Resultate
Anzahl Personen mit jedem Resultat
Perzentil nach korrekt beantworteten Fragen
Ihre Resultats-Entwicklung
Sie haben dieses Quiz noch nicht gespielt